• 首页
  • 本馆介绍
  • 公告通知
  • 最新文献
  • 馆藏检索
  • 电子资源
  • 读者导购
  • 参考咨询
  • 我的图书馆
  • 登录
  • 详细信息显示
  • 放入我的书架
  • 预约/预借图书
  • 作者相关作品
  • 分类相关作品
  • 丛书相关作品
  • 出版社相关作品

书目信息

  • 表格格式
  • 工作单格式
  • 卡片格式
题名:
王士禛与清初诗歌思想
    
 
作者: 黄河 著
分册:  
出版信息: 天津   天津人民出版社  2002
页数: 299页
开本: 20cm
丛书名:
单 册:
中图分类: I207.227.49 , I207.22
科图分类:
主题词: 古典诗歌 , 文学研究
电子资源:
ISBN: 7-201-03940-7
000 00843nam0 2200265 450
001 1568917368
005 20150125190903.78
010    @a7-201-03940-7@dCNY21.00
100    @a20020428d2002 em y0chiy50 ea
101 0  @achi
102    @aCN@b120000
105    @ay z 000zd
200 1  @a王士禛与清初诗歌思想@9wang shi shen yu qing chu shi ge si xiang@f黄河著
210    @a天津@c天津人民出版社@d2002
215    @a299页@d20cm
330    @a本书主要内容包括:王士禛诗歌思想形成的思想社会背景;初登诗坛的王士禛;“文章江左,烟月扬州”等。
600  0 @a王士禛@f(1634~1711)@x古典诗歌@x文学研究
600  0 @2CT@3S906021@a王士禛@f(1634~1711)
606 0  @a古典诗歌
606 0  @a文学研究
690    @aI207.227.49@v5
690    @aI207.22@v4
701  0 @a黄河@9huang he@4著
801  0 @aCN@bTSSF@c20150125
905    @aZUCC@dI207.22@eJY220
    
    王士禛与清初诗歌思想/黄河著.-天津:天津人民出版社,2002
    299页;20cm
    
    
    ISBN 7-201-03940-7:CNY21.00
    本书主要内容包括:王士禛诗歌思想形成的思想社会背景;初登诗坛的王士禛;“文章江左,烟月扬州”等。
●
相关链接 在E读中查询图书 在五车中查询图书 在当当中查询图书 在豆瓣中查询图书


正题名:王士禛与清初诗歌思想     索取号:I207.22/JY220         预约/预借

序号 登录号 条形码 馆藏地/架位号 状态 备注
1 7854701   278547011   学院路分馆/ [索取号:I207.22/JY220] 在馆    
唐山师范学院图书馆 欢迎您!
大连网信软件有限公司© 版权所有